000 01119nam a22002897a 4500
001 7500
003 FISKH
005 20250725133813.0
008 250722b cb ||||| |||| 00| 0 eng d
020 _a9780590848626
040 _aFISKH
_beng
_cFISKH
_dFISKH
050 _a PZ7.C44624 V
082 _a 394.268
100 _aChocolate, Debbi
_d(1954-)
245 _aA very special Kwanzaa :
_bFor a very special family /
_cDebbi Chocolate
250 _aThis edition first published in 1996
260 _aNew York :
_bScholastic,
_c1996
300 _a98 pages :
_billustrations ;
_c20 cm
505 _aT
520 _aCharlie's school is holding a Kwanzaa festival, and he doesn't want to be any part of it because last year he was made fun of when he participated. But Charlie soon learns that Kwanzaa is a celebration of creativity and caring, of family and friends, that Kwanzaa can be a pretty special time-- for everyone.
521 8 _a790
_bLexile
521 8 _aT
_bRaz-Plus
650 _2Holiday
_aKwanzaa
650 _2Appricriation
_aYouth Juvenile (Bk)
942 _2ddc
_cBK
_n0
999 _c7500
_d7500